000
00258nam a2200109Ia 4500
008
220204s9999 xx 000 0 und d
082
_a
82-3
_b
FOR
100
_a
Forsyth, Frederick
245
0
_a
Day of the Jackal
260
_a
London
_b
Corgi
_c
1977
942
_c
BK
999
_c
28583
_d
28583